MARC

LEADER 00000nam0a2200000 4500
001 329812
005 20250416131801.0
035 |a (RuTPU)RU\TPU\book\355580 
090 |a 329812 
100 |a 20170322d1967 k y0rusy50 ca 
101 0 |a rus 
102 |a RU 
105 |a a z 001zy 
200 1 |a Гидрогеологические показатели нефтегазоносности  |f М. Е. Альтовский  |g под ред. В. М. Швеца 
210 |a Москва  |c Недра  |d 1967 
215 |a 120 с.  |c ил. 
225 1 |a Труды Всесоюзного научно-исследовательского института гидрогеологии и инженерной геологии (ВСЕГИНГЕО) 
225 1 |a Новая серия 
320 |a Библиогр.: с. 118-121 
500 1 0 |a Труды Всесоюзного научно-исследовательского института гидрогеологии и инженерной геологии  |9 88877 
606 |a Нефтегазоносность  |x Гидрогеология  |2 stltpush  |3 (RuTPU)RU\TPU\subj\45597  |9 64790 
610 1 |a показатели 
610 1 |a характеристики 
610 1 |a фактический материал 
610 1 |a обработка 
610 1 |a применение 
610 1 |a поисково-разведочные работы 
675 |a 553.98:556.3  |v 4 
700 1 |a Альтовский  |b М. Е.  |g Михаил Евгеньевич 
702 1 |a Швец  |b В. М.  |4 340 
801 1 |a RU  |b 63413507  |c 20170322 
801 2 |a RU  |b 63413507  |c 20170913  |g RCR 
850 |a 63413507 
942 |c BK